Countries By Life Expectancy - Statistics

General Stats
  • This quiz has been taken 47 times
  • The average score is 6 of 7
Answer Stats
Life Expectancy Countries % Correct
79-75 Years Costa Rica / United States / Cuba / Czech Republic / Maldives / Qatar /Croatia / Albania / Panama / Brunei/ Estonia / Poland / Bosnia / United Arab Emirates / Uruguay / Bahrain / Mexico / Slovakia / Oman / Antigua / Argentina / Jamaica / Ecuador / China / Montenegro / Bahamas / Vietnam / Hungary / Turkey / Macedonia / Algeria / Serbia/ Iran / Peru / Barbados / Tunisia / Saint Lucia/Malaysia / Romania / Brazil
100%
80 plus Years Japan / Switzerland / Singapore / Australia / Spain / Iceland / Italy / Israel / Sweden / France / South Korea / Canada / Luxembourg / Netherlands / Norway / Malta / New Zealand/ Austria / Ireland / United Kingdom / Belgium / Finland / Portugal / Germany / Greece / Slovenia / Denmark / Cyprus / Chile
100%
74.9-70 Years Lebanon / Thailand / Sri Lanka / Armenia / Nicaragua / Colombia / Kuwait / Honduras / Mauritius / Latvia / Saudi Arabia / Bulgaria / Georgia / Morocco / Jordan / Venezuela / Paraguay / Samoa / Dominican Republic / Grenada / Lithuania / Tonga / El Salvador / Cape Verde / Saint Vincent / Seychelles / Libya / Azerbaijan /Belarus / Moldova / Vanuatu / Guatemala / Bangladesh / Suriname / Ukraine / Trinidad / Kyrgyzstan / Egypt / Bolivia / North Korea /Russia / Kazakhstan /Belize
95%
69.9-65 Years Fiji / Bhutan / Tajikistan / Micronesia / Uzbekistan / Solomon Islands / Nepal / Indonesia / Iraq / Mongolia / Cambodia / Philippines / India / Timor-Leste / Sao Tome / Senegal / Myanmar / Pakistan / Kiribati / Turkmenistan / Guyana / Rwanda / Gabon / Namibia / Yemen / Laos / Botswana / Madagascar
79%
>64.8-60 Years Ethiopia /Congo /Eritrea /Syria /Sudan /Comoros /Djibouti /Haiti /Kenya /Mauritania / Papua New Guinea / South Africa / Ghana / Uganda / Niger / Tanzania / Zambia / Liberia / Gambia / Zimbabwe / Afghanistan / Benin
74%
>55 Years Nigeria /Lesotho / Cote d'Ivoire / Chad / Central African Republic / Angola / Sierra Leone
72%
59.9-55 Years Burkina Faso / Togo / DR Congo / Burundi / Guinea / Guinea-Bissau / Eswatini / Malawi / Mali / Equatorial Guinea / Mozambique / South Sudan / Cameroon / Somalia
69%
No matching quizzes found
Score Distribution
Percent of People with Each Score
Percentile by Number Answered
Your Score History
You have not taken this quiz